00789nam a22002051a 4500003000600000005001700006008004100023020001500064100001800079245012600097260002600223300001400249500005000263590002800313650002400341650003800365942000600403999001500409952015900424NEGST20170412020002.0030712s1998 001 0 eng d a02810513991 aMoule, C.F.D.10aForgiveness and reconciliation and other New Testament themes :bbiblical and theological essays /cC.F.D. Moule.h[Text] aLondonbS.P.C.Kc1998 axi, 242p. aIncludes biliographical references and index. aAccession number: 26306 0aForgiveness of sin. 0aJesus ChristxPerson and offices.0003 c6857d6857 00102lcc40708GENaCPLbCPLcGENd2009-07-24ePurchaseg40.00l10m7oBT 795.M926 1998pR02433K3232r2023-12-08 11:54:28s2023-11-18t1w2009-07-24yBK